Understanding our universe
Understanding Our Universe was constructed with the latest astronomy education research in mind: students learn by doing. The learning system allows students to immediately apply what they learn, gain a deeper understanding of the science, build confidence, and make meaningful connections to their e...
Uloženo v:
| Médium: | Kniha |
|---|---|
| Jazyk: | Undetermined |
| Vydáno: |
New York
W.W. Norton
2012
|
| Témata: | |
| Tagy: |
Přidat tag
Žádné tagy, Buďte první, kdo otaguje tento záznam!
|
| Thư viện lưu trữ: | Trung tâm Học liệu Trường Đại học Cần Thơ |
|---|
| LEADER | 00803nam a2200193Ia 4500 | ||
|---|---|---|---|
| 001 | CTU_208028 | ||
| 008 | 210402s9999 xx 000 0 und d | ||
| 020 | |c 2.25 | ||
| 082 | |a 520 | ||
| 082 | |b U55 | ||
| 245 | 0 | |a Understanding our universe | |
| 245 | 0 | |c Stacy Palen ... [et al.] | |
| 260 | |a New York | ||
| 260 | |b W.W. Norton | ||
| 260 | |c 2012 | ||
| 520 | |a Understanding Our Universe was constructed with the latest astronomy education research in mind: students learn by doing. The learning system allows students to immediately apply what they learn, gain a deeper understanding of the science, build confidence, and make meaningful connections to their everyday lives. | ||
| 650 | |a Astronomy,Thiên văn học | ||
| 904 | |i Hải | ||
| 980 | |a Trung tâm Học liệu Trường Đại học Cần Thơ | ||